000 00682nam a2200205 i 4500
001 57519
003 ES-MaACL
007 t|
008 031016s1955 sp ||||1| spa d
100 1 _aDolfin, Giovanni.
_945024
245 1 3 _aLa agonía de Mussolini /
_cGiovanni Dolfin ; [traducción directa del italiano por Pablo Uriarte].
250 _a[1ª ed.].
260 _aBarcelona :
_bA.H.R.,
_c[1955] (
_fImp. Moderna)
300 _a358 p., 4 lám. ;
_c21 cm.
490 1 _aLos Libros que hacen historia
700 1 _aUriarte, Pablo.
_9112151
830 0 0 _aLibros que hacen historia (AHR)
_9182055
852 _aES-MaACL
_jC-9607
_bR.37579
999 _c57519
_d57519